00643nam a2200181Ia 4500999001700000082001200017100002400029245009800053260003300151300002100184650004200205650003700247650003000284710001700314710001700331942001200348952010100360 c14450d14450 aTS.0707 aSharma, Vijay Kumar 0aGeographic assessment of water resources in Haryana and their impact on agricultural land use c1978bKurukshetra University a233p. + C D - 55 aWATER RESOURCES DEVELOPMENT - HARYANA aAGRICULTURAL GEOGRAPHY - HARYANA aLAND USE, RURAL - HARYANA aPillai, N.N. aJasbir Singh cTH2ddc 00104070aNASSDOCbNASSDOCd2004-10-08l0oTS.0707p12526r2019-04-18 00:00:00w2019-04-18yTH